000 01426nam a2200337Ia 4500
001 ebr10342237
003 CaPaEBR
006 m u
007 cr cn|||||||||
008 060217s2006 jm sb 000 1 eng d
020 _z9766401829
020 _z9789766401825
040 _aCaPaEBR
_cCaPaEBR
035 _a(OCoLC)212626165
050 1 4 _aPR9272.9.C63
_bR87 2006eb
100 1 _aCobham, Stephen N.
_q(Stephen Nathaniel)
245 1 0 _aRupert Gray
_h[electronic resource] :
_ba tale in black and white /
_cby Stephen N. Cobham ; edited by Lise Winer with annotations and an introduction by Bridget Brereton ... [et al.].
260 _aKingston, Jamaica :
_bUWI Press,
_cc2006.
300 _alv, 171 p.
490 1 _aCaribbean heritage series ;
_vv. 3
504 _aIncludes bibliographical references.
533 _aElectronic reproduction.
_bPalo Alto, Calif. :
_cebrary,
_d2011.
_nAvailable via World Wide Web.
_nAccess may be limited to ebrary affiliated libraries.
650 0 _aInterracial dating
_zTrinidad and Tobago
_vFiction.
650 0 _aTrinidadian and Tobagonian fiction.
655 7 _aElectronic books.
_2local
700 1 _aBrereton, Bridget,
_d1946-
700 1 _aWiner, Lise.
710 2 _aebrary, Inc.
830 0 _aCaribbean heritage series ;
_vv. 3.
856 4 0 _uhttp://site.ebrary.com/lib/rucke/Doc?id=10342237
_zAn electronic book accessible through the World Wide Web; click to view
999 _c46315
_d46315